000 00754cas a2200265 a 4500
001 6142
003 BD-RjUL
005 20211208234207.0
008 14 r19661964nyumr p a 0 1 0eng c
035 _a(BD-RjUL)6181
040 _aATL
_cATL
_dBZM
_dBD-RjUL
_beng
041 _aeng
082 0 4 _216
_a354.42
_bBRT 1966
099 1 _aT 74
100 1 _aBridges, Rt. Hon. Lord.
_919328
245 0 4 _aThe Treasury /
_cRt. Hon. Lord Bridges.
260 _aNew York :
_bE. B. Treat,
_c1966.
300 _a248 p. ;
_c24 cm.
490 0 0 _aThe New Whitehall series ;
_vNo.12
504 _aIncludes index.
650 0 _aChristianity
_vPeriodicals.
_919329
650 0 _aTheology
_vPeriodicals.
_919330
830 0 _vATLA film 2001-S068.
_9147798
942 _2ddc
_cBK
999 _c6142
_d6142